| 000 | 00820cab a2200229 4500 | ||
|---|---|---|---|
| 001 | X3910 | ||
| 008 | 090401t1997 xxu||||| |||| 00| 0 eng d | ||
| 035 | _a(Sirsi) u33701 | ||
| 041 | _aeng | ||
| 245 | _aR v SoS ex parte Walsall MBC | ||
| 260 | _c1997 | ||
| 350 | _a0 | ||
| 490 |
_aNew Property Cases _v[1997] NPC 25 (2) |
||
| 520 | _aChD 18 February 1997. Judicial review - disposal licence for open cast waste - whether condition of planning consent amounts to implied licence - Control of Pollution Act 1974 s5. HEADNOTE FROM JOURNAL (NOT TO BE PHOTOCOPIED) | ||
| 650 | _aCONTROL OF POLLUTION ACT 1974 | ||
| 650 | _aDISPOSAL LICENCE | ||
| 650 | _aOPEN CAST CLAY PIT | ||
| 650 | _aR V SOS ENVIRONMENT EX P WALSALL MBC | ||
| 690 | _aPLANNING LAW AND PRACTICE-CASE LAW | ||
| 942 | _n0 | ||
| 948 | _c04/03/1997 | ||
| 999 |
_c22468 _d22468 |
||